Statistiche per Quiz filosofico - Friedrich Nietzsche

Clicka qui per fare il quiz!

Statistiche generali

  • Questo quiz è stato fatto 293 volte
  • Il punteggio medio è 8 su 15

Statistiche sulle risposte

DomandaRisposta% Corretto
Quali sono le divinità che danno il nome agli impulsi artistici che secondo Nietzsche confluiscono nella tragedia greca?Apollo e Dioniso
93%
Con quale celebre compositore ha uno stretto e al contempo complicato rapporto?Richard Wagner
92%
Qual è il titolo del primo libro pubblicato?La nascita della tragedia
85%
Cosa significa la celebre esclamazione "Dio è morto!"?Sono venute meno le fondamenta su cui poggiavano tutti i valori
79%
Professione del nonno e del padre?Pastore luterano
71%
A quanti anni Nietzsche ottiene la cattedra all'Università di Basilea?24
62%
Nello stesso libro, di quale dottrina Zarathustra si fa profeta?Eterno ritorno dell'uguale
62%
Quante sono le Meditazioni inattuali effettivamente date alle stampe?4
59%
Come si chiama la scrittrice e psicanalista di origine russa a cui Nietzsche chiede di sposarlo?Lou von Salomè
55%
Qual è, sebbene ad oggi non vi siano certezze, la causa che si ritiene abbia portato al collasso psichico?Sifilide pregressa
41%
A chi è dedicato il primo volume di Umano, troppo umano?A Voltaire
34%
Nelle prime pagine di Così parlò Zarathustra, a quale figura è opposto il superuomo od oltreuomo?L'ultimo uomo
34%
Quale di questi libri NON è stato scritto nel 1888?Aurora
30%
Quanto tempo passa dal definitivo crollo neurologico avvenuto a Torino alla morte?Più di dieci anni
27%
Cosa dice di voler fare Nietzsche in uno dei cosiddetti 'biglietti della follia' spediti poco prima della sua crisi?Far fucilare tutti gli antisemiti
15%

Distribuzione punteggi

Percentile per numero di risposta

Percentuale di utenti per punteggio

I tuoi punteggi nel tempo

Non hai fatto questo quiz